[Event "NOR-ch Class2"]
[Site "Sarpsborg"]
[Date "2018.07.12"]
[Round "7"]
[White "Furnes, Torstein"]
[Black "Larsen, Thomas G"]
[Result "1-0"]
[WhiteElo "1769"]
[BlackElo "1701"]
[PlyCount "61"]
[EventDate "2018.07.07"]
[EventType "swiss"]
[EventRounds "9"]
[EventCountry "NOR"]
[SourceTitle "EXT 2024"]
[Source "ChessBase"]
[SourceDate "2023.10.10"]
[SourceVersion "1"]
[SourceVersionDate "2023.10.10"]
[SourceQuality "1"]

1. d4 Nf6 2. c4 e6 3. Nc3 d5 4. Bg5 Be7 5. e3 Nbd7 6. Nf3 0-0 7. Rc1 b6 8. cxd5 exd5 9. Bd3 h6 10. Bf4 a6 11. 0-0 Bb7 12. Ne2 c5 13. Ng3 Ne4 14. Nf5 Ndf6 15. Ne5 c4 16. Bxe4 dxe4 17. Rxc4 Bd5 18. Nc6 Bxc6 19. Rxc6 b5 20. Qc2 Bb4 21. a3 Ba5 22. Nd6 Qd7 23. Nxe4 Nxe4 24. Qxe4 Rfc8 25. Rfc1 Re8 26. Qc2 Qb7 27. Bc7 Bxc7 28. Rxc7 Qd5 29. h3 f5 30. Rc5 Qe4 31. Rxf5 1-0

[Event "As CC-ch A"]
[Site "As"]
[Date "2018.04.12"]
[Round "9"]
[White "Furnes, Torstein"]
[Black "Lea, Per"]
[Result "1/2-1/2"]
[WhiteElo "1765"]
[BlackElo "1725"]
[PlyCount "78"]
[EventDate "2018.01.11"]
[EventType "tourn"]
[EventRounds "9"]
[EventCountry "NOR"]
[SourceTitle "EXT 2024"]
[Source "ChessBase"]
[SourceDate "2023.10.10"]
[SourceVersion "1"]
[SourceVersionDate "2023.10.10"]
[SourceQuality "1"]

1. d4 d5 2. c4 e5 3. cxd5 exd4 4. Qxd4 Nc6 5. Qd1 Ne5 6. e4 Nf6 7. Nc3 Bd7 8. Nf3 Ng6 9. Bd3 Bc5 10. Bg5 h6 11. Bxf6 Qxf6 12. 0-0 0-0 13. Re1 Bg4 14. Be2 Nf4 15. Rc1 Nxe2+ 16. Qxe2 Bb4 17. a3 Ba5 18. h3 Bxf3 19. Qxf3 Qxf3 20. gxf3 a6 21. b4 Bb6 22. Na4 Rac8 23. Nxb6 cxb6 24. f4 b5 25. Kf1 Rc4 26. Rxc4 bxc4 27. Ke2 Rc8 28. Ke3 Kf8 29. Kd4 Ke7 30. e5 g6 31. a4 b5 32. axb5 axb5 33. Re3 Kd7 34. Ra3 Rc7 35. Kc3 h5 36. Ra6 Rb7 37. h4 Ke7 38. Kd4 Kd7 39. Kc3 Ke7 1/2-1/2

[Event "As CC-ch A"]
[Site "As"]
[Date "2018.01.11"]
[Round "1"]
[White "Lange, Holger1111"]
[Black "Furnes, Torstein"]
[Result "1/2-1/2"]
[WhiteElo "1761"]
[BlackElo "1765"]
[PlyCount "47"]
[EventDate "2018.01.11"]
[EventType "tourn"]
[EventRounds "9"]
[EventCountry "NOR"]
[SourceTitle "EXT 2024"]
[Source "ChessBase"]
[SourceDate "2023.10.10"]
[SourceVersion "1"]
[SourceVersionDate "2023.10.10"]
[SourceQuality "1"]

1. d4 d5 2. c4 e6 3. Nc3 Nf6 4. Bg5 Be7 5. e3 0-0 6. Nf3 Nbd7 7. Bd3 dxc4 8. Bxc4 c6 9. 0-0 Nd5 10. Bxe7 Qxe7 11. Rc1 Nxc3 12. Rxc3 e5 13. dxe5 Nxe5 14. Nxe5 Qxe5 15. Re1 Be6 16. Qb3 Bxc4 17. Rxc4 Qe6 18. Rec1 Rfd8 19. Rb4 Qxb3 20. Rxb3 Rd7 21. Kf1 Rad8 22. Rc2 f5 23. Ke2 Kf7 24. Kf3 1/2-1/2

[Event "As CC-ch A"]
[Site "As"]
[Date "2017.03.02"]
[Round "6"]
[White "Lange, Holger1111"]
[Black "Furnes, Torstein"]
[Result "0-1"]
[WhiteElo "1598"]
[BlackElo "1565"]
[PlyCount "108"]
[EventDate "2017.01.12"]
[EventType "tourn"]
[EventRounds "9"]
[EventCountry "NOR"]
[SourceTitle "EXT 2024"]
[Source "ChessBase"]
[SourceDate "2023.10.10"]
[SourceVersion "1"]
[SourceVersionDate "2023.10.10"]
[SourceQuality "1"]

1. d4 d5 2. c4 e6 3. Nc3 Nf6 4. Bg5 Be7 5. e3 0-0 6. Nf3 Nbd7 7. Bd3 dxc4 8. Bxc4 c5 9. 0-0 cxd4 10. Nxd4 Ne5 11. Be2 Qb6 12. Qb3 Qxb3 13. Nxb3 Ng6 14. Bf3 h6 15. Bxf6 Bxf6 16. Na5 Rb8 17. Rab1 Ne5 18. Be4 b6 19. Nc6 Nxc6 20. Bxc6 Bb7 21. Bxb7 Rxb7 22. Ne4 Be7 23. Rbc1 Rd8 24. Rc2 Rbd7 25. h3 f5 26. Ng3 Kf7 27. Ne2 e5 28. g3 Rd2 29. Rfc1 Bc5 30. a3 a5 31. Kf1 g5 32. Ke1 R2d3 33. Rc4 Ke6 34. R4c3 Rxc3 35. Nxc3 e4 36. Na4 Rd5 37. Ke2 Kd6 38. Nc3 Rd3 39. Nb5+ Ke5 40. Nc3 f4 41. Nxe4 Bxe3 42. Rc3 Rxc3 43. Nxc3 Bc5 44. g4 Kd4 45. f3 Kc4 46. Kd2 Kb3 47. Kc1 Bxa3 48. Nd1 Bc5 49. Nc3 Bd4 50. Nd1 a4 51. Kb1 b5 52. Kc1 b4 53. Kb1 a3 54. bxa3 bxa3 0-1

[Event "As CC-ch A"]
[Site "As"]
[Date "2017.02.23"]
[Round "5"]
[White "Furnes, Torstein"]
[Black "Ruud, Kjetil"]
[Result "0-1"]
[WhiteElo "1565"]
[BlackElo "1527"]
[PlyCount "102"]
[EventDate "2017.01.12"]
[EventType "tourn"]
[EventRounds "9"]
[EventCountry "NOR"]
[SourceTitle "EXT 2024"]
[Source "ChessBase"]
[SourceDate "2023.10.10"]
[SourceVersion "1"]
[SourceVersionDate "2023.10.10"]
[SourceQuality "1"]

1. d4 f5 2. c4 e6 3. Nc3 Bb4 4. Qc2 Nf6 5. a3 Be7 6. Nf3 b6 7. e4 fxe4 8. Nxe4 Bb7 9. Bd3 Nxe4 10. Bxe4 Bxe4 11. Qxe4 Nc6 12. Qg4 Bf6 13. 0-0 0-0 14. h4 e5 15. dxe5 Nxe5 16. Nxe5 Bxe5 17. Bg5 Qe8 18. Rae1 d6 19. Re2 Qf7 20. b4 Rae8 21. Rc2 Qg6 22. Qd1 h6 23. Be3 Bf6 24. h5 Qe4 25. Qd5+ Rf7 26. Rd2 Re5 27. Qxe4 Rxe4 28. Rc1 Rh4 29. c5 dxc5 30. bxc5 Rxh5 31. c6 Be5 32. Rd8+ Kh7 33. Ra8 a5 34. Ra7 Kg6 35. Bxb6 cxb6 36. Rxf7 Kxf7 37. c7 Bxc7 38. Rxc7+ Kg8 39. Rb7 Rb5 40. Kf1 Rb2 41. a4 Kh7 42. g3 Kg6 43. Kg2 Kf6 44. Kf3 h5 45. Ke4 g5 46. Kd5 Rb4 47. Rb8 Rxa4 48. Rxb6+ Kf5 49. Rb8 Kg4 50. Ke5 Ra2 51. Ra8 Rxf2 0-1

[Event "As Autumn"]
[Site "As"]
[Date "2016.12.08"]
[Round "9"]
[White "Furnes, Torstein"]
[Black "Moberg, Jan Rune"]
[Result "0-1"]
[WhiteElo "1610"]
[BlackElo "1503"]
[PlyCount "84"]
[EventDate "2016.09.01"]
[EventType "swiss"]
[EventRounds "9"]
[EventCountry "NOR"]
[SourceTitle "EXT 2024"]
[Source "ChessBase"]
[SourceDate "2023.10.10"]
[SourceVersion "1"]
[SourceVersionDate "2023.10.10"]
[SourceQuality "1"]

1. d4 e6 2. c4 f5 3. Nc3 Nf6 4. Bg5 Be7 5. Nf3 0-0 6. e3 b6 7. Be2 Bb7 8. 0-0 Ne4 9. Bxe7 Qxe7 10. d5 Nxc3 11. bxc3 Na6 12. Nd4 e5 13. Nb3 Rf6 14. a4 Nc5 15. Nxc5 Qxc5 16. Qb3 a5 17. Qa3 Qf8 18. Qxf8+ Raxf8 19. Rab1 d6 20. f3 Bc8 21. Bd3 h5 22. e4 g6 23. Rbe1 Re8 24. Rf2 Kg7 25. Ref1 Rf7 26. h3 h4 27. Kh2 Bd7 28. Bc2 Rfe7 29. f4 exf4 30. exf5 g5 31. Kg1 Kf6 32. Rd1 Re1+ 33. Rf1 Rxd1 34. Rxd1 Re3 35. Rd3 Re2 36. Bd1 Ra2 37. Kf1 Bxf5 38. Rd4 Ra3 39. Ke2 Rxc3 40. Kd2 Ra3 41. Ke2 Ke5 42. Rd2 Rc3 0-1

[Event "As Autumn"]
[Site "As"]
[Date "2016.09.22"]
[Round "3"]
[White "Furnes, Torstein"]
[Black "Lange, Holger1111"]
[Result "0-1"]
[WhiteElo "1610"]
[BlackElo "1624"]
[PlyCount "58"]
[EventDate "2016.09.01"]
[EventType "swiss"]
[EventRounds "9"]
[EventCountry "NOR"]
[SourceTitle "EXT 2024"]
[Source "ChessBase"]
[SourceDate "2023.10.10"]
[SourceVersion "1"]
[SourceVersionDate "2023.10.10"]
[SourceQuality "1"]

1. d4 Nf6 2. c4 e6 3. Nc3 Bb4 4. Qc2 c5 5. dxc5 Nc6 6. a3 Bxc5 7. Nf3 d5 8. cxd5 Nxd5 9. e3 0-0 10. Bd3 h6 11. 0-0 Nxc3 12. Qxc3 Be7 13. Rd1 Qc7 14. Rb1 Bd7 15. b4 Bf6 16. Qb3 Rfd8 17. Bb2 Bxb2 18. Rxb2 Ne5 19. Nxe5 Qxe5 20. Rbd2 Rac8 21. Bc4 Qc7 22. Rd4 Bc6 23. Qd3 Rxd4 24. Qxd4 Ba4 25. Be2 Bxd1 26. Qxd1 Qc1 27. Kf1 Qxa3 28. Qd4 Qc1+ 29. Bd1 Qc4+ 0-1

[Event "AS CC-ch A"]
[Site "As"]
[Date "2016.04.14"]
[Round "9"]
[White "Furnes, Torstein"]
[Black "Johnson, David"]
[Result "1-0"]
[WhiteElo "1623"]
[BlackElo "1431"]
[PlyCount "65"]
[EventDate "2016.01.14"]
[EventType "tourn"]
[EventRounds "9"]
[EventCountry "NOR"]
[SourceTitle "EXT 2024"]
[Source "ChessBase"]
[SourceDate "2023.10.10"]
[SourceVersion "1"]
[SourceVersionDate "2023.10.10"]
[SourceQuality "1"]

1. d4 f5 2. c4 Nf6 3. Nc3 g6 4. Nf3 Bg7 5. Bg5 0-0 6. e3 c6 7. Bd3 d6 8. 0-0 Qe8 9. e4 Nxe4 10. Nxe4 fxe4 11. Bxe4 Nd7 12. Qd2 Nf6 13. Bc2 Bg4 14. Nh4 Qf7 15. Bh6 Rae8 16. Rae1 e6 17. Qg5 Bf5 18. Nxf5 exf5 19. Bxg7 Qxg7 20. Qf4 Qd7 21. h3 Re7 22. Rxe7 Qxe7 23. Qe3 Qf7 24. Re1 Re8 25. Qd2 d5 26. cxd5 cxd5 27. Bb3 Re4 28. f3 Re8 29. Re5 b6 30. Qe1 Kf8 31. Qb4+ Kg7 32. Qd6 Rc8 33. Re7 1-0

[Event "AS CC-ch A"]
[Site "As"]
[Date "2016.02.18"]
[Round "5"]
[White "Lund, Petter"]
[Black "Furnes, Torstein"]
[Result "1/2-1/2"]
[WhiteElo "1565"]
[BlackElo "1623"]
[PlyCount "39"]
[EventDate "2016.01.14"]
[EventType "tourn"]
[EventRounds "9"]
[EventCountry "NOR"]
[SourceTitle "EXT 2024"]
[Source "ChessBase"]
[SourceDate "2023.10.10"]
[SourceVersion "1"]
[SourceVersionDate "2023.10.10"]
[SourceQuality "1"]

1. c4 e5 2. Nc3 Nf6 3. d3 Nc6 4. e3 Bb4 5. Qb3 0-0 6. Be2 d5 7. cxd5 Nxd5 8. Bd2 Be6 9. Qc2 Qd7 10. a3 Be7 11. Nf3 a6 12. Ne4 f5 13. Nc5 Bxc5 14. Qxc5 Rad8 15. Ng5 f4 16. Nxe6 Qxe6 17. 0-0 Qg6 18. f3 fxe3 19. Bxe3 Nxe3 20. Qxe3 1/2-1/2